000 00436cam a2200181ua 4500
020 _c14.00
041 _aeng
_h
082 _a535
_bNOA/TE
100 _aNoakes, G.R .
245 _aText book of light /
_cG.R.Noakes.
_hTextual Documents
250 _a1 /
_b.
260 _aMelbourne :
_bMacMillan and Company Limited ,
_c1962.
300 _a355 ; .
365 _a14.00
504 _a
942 _cBK
999 _c1460
_d1460